000 00716nam a2200241Ia 4500
003 OSt
005 20221007080615.0
006 a|||||r|||| 00| 0
007 ta
008 221006b |||||||| |||| 00| 0 eng d
024 _a12,413
037 _cTextual
040 _aFLL
_cFLL
_beng
041 _2eng
_aeng
082 _aV2,64:3.N7, M0
100 _aGaikwad V.R. Au.
_9695051
245 0 _aRural devlopment administration under democratic decentralization
260 _aNew Delhi
_bWiley Eastern ltd. India
_c1980
300 _axvii,160p
_ccm.
700 _a Parmar D.S. Au.
_9695052
942 _hV2,64:3.N7, M0
_cTEXL
_2CC
999 _c1160260
_d1160260